[Event "chess.com SpeedChess 2023"]
[Site "chess.com INT"]
[Date "2023.09.15"]
[Round "2.16"]
[White "Vachier-Lagrave, Maxime"]
[Black "Nihal, Sarin"]
[Result "1-0"]
[WhiteTitle "GM"]
[BlackTitle "GM"]
[WhiteElo "2727"]
[BlackElo "2694"]
[WhiteFideId "623539"]
[BlackFideId "25092340"]
[EventDate "2023.09.04"]
[EventType "k.o."]

1. e4 e5 2. Nf3 Nc6 3. Bb5 Nge7 4. Nc3 Ng6 5. Bc4 Bc5 6. d3 h6 7. h4 d6 8. h5
Nge7 9. Nh4 Na5 10. Bb3 Nxb3 11. axb3 Be6 12. Be3 Bb4 13. Qf3 Qd7 14. Qg3 Rg8
15. O-O a6 16. Na2 Ba5 17. b4 Bb6 18. Bxb6 cxb6 19. c4 Nc6 20. f4 f6 21. Qe3 Nd4
22. Nc3 Nc2 23. Qxb6 Nxa1 24. Rxa1 Qc6 25. Qe3 Kd7 26. Ng6 Bf7 27. Nd5 Rae8 28.
Rc1 Kd8 29. c5 Bxd5 30. exd5 Qxd5 31. cxd6 Qxd6 32. Qf3 Qxb4 33. Qd5+ 1-0

[Event "chess.com SpeedChess 2023"]
[Site "chess.com INT"]
[Date "2023.09.15"]
[Round "2.17"]
[White "Nihal, Sarin"]
[Black "Vachier-Lagrave, Maxime"]
[Result "0-1"]
[WhiteTitle "GM"]
[BlackTitle "GM"]
[WhiteElo "2694"]
[BlackElo "2727"]
[WhiteFideId "25092340"]
[BlackFideId "623539"]
[EventDate "2023.09.04"]
[EventType "k.o."]

1. d4 Nf6 2. Nf3 g6 3. Nc3 d5 4. Bf4 Bg7 5. Nb5 Na6 6. e3 O-O 7. h3 Ne4 8. c3 f6
9. Be2 e5 10. Bh2 c6 11. Na3 Nc7 12. O-O Qe7 13. Nb1 Rd8 14. Nbd2 Nd6 15. Rc1 b5
16. b3 a5 17. c4 b4 18. dxe5 fxe5 19. cxd5 Nxd5 20. Nc4 Nc3 21. Rxc3 bxc3 22.
Ncxe5 Bb7 23. Qc2 c5 24. Qxc3 Nf7 25. Bc4 Bd5 26. e4 Bxe4 27. Re1 Bd5 28. Bxd5
Rxd5 29. Qc4 Qb7 30. Ng4 Rad8 31. Bf4 Rd1 32. Rxd1 Rxd1+ 33. Kh2 Qb4 34. Ne3 Ra1
35. a4 Ra3 36. Qxb4 cxb4 37. Nd2 Bc3 38. Ndc4 Rxb3 39. Nxa5 Ra3 40. Nd5 Rxa4 41.
Nb3 Ra3 42. Nc1 Ra5 43. Ne3 Bd2 44. Nd3 b3 45. g3 Ra2 0-1

[Event "chess.com SpeedChess 2023"]
[Site "chess.com INT"]
[Date "2023.09.15"]
[Round "2.18"]
[White "Vachier-Lagrave, Maxime"]
[Black "Nihal, Sarin"]
[Result "1-0"]
[WhiteTitle "GM"]
[BlackTitle "GM"]
[WhiteElo "2727"]
[BlackElo "2694"]
[WhiteFideId "623539"]
[BlackFideId "25092340"]
[EventDate "2023.09.04"]
[EventType "k.o."]

1. e4 e5 2. Nf3 Nf6 3. Nxe5 d6 4. Nf3 Nxe4 5. d4 d5 6. Bd3 Be7 7. O-O Bf5 8. c4
dxc4 9. Bxc4 O-O 10. Re1 Nc6 11. d5 Nd6 12. dxc6 Nxc4 13. cxb7 Qxd1 14. Rxd1
Rab8 15. Nc3 Rxb7 16. Nd5 Bd6 17. b3 Nb6 18. Ne3 Bg6 19. Bb2 a5 20. Nh4 Ra8 21.
Nhf5 Bf8 22. a4 c5 23. Nd6 Rd7 24. Nb5 Rxd1+ 25. Rxd1 c4 26. Bd4 cxb3 27. Bxb6
b2 28. Nc3 Bb4 29. Ned5 h6 30. Rd2 Re8 31. Be3 1-0

[Event "chess.com SpeedChess 2023"]
[Site "chess.com INT"]
[Date "2023.09.15"]
[Round "2.19"]
[White "Nihal, Sarin"]
[Black "Vachier-Lagrave, Maxime"]
[Result "0-1"]
[WhiteTitle "GM"]
[BlackTitle "GM"]
[WhiteElo "2694"]
[BlackElo "2727"]
[WhiteFideId "25092340"]
[BlackFideId "623539"]
[EventDate "2023.09.04"]
[EventType "k.o."]

1. Nf3 Nf6 2. b3 g6 3. Bb2 Bg7 4. e3 O-O 5. d4 d5 6. Be2 Bf5 7. O-O Nbd7 8. c4
c5 9. Nc3 cxd4 10. Nxd4 dxc4 11. Nxf5 gxf5 12. Bxc4 e6 13. Qe2 a6 14. Rfd1 Qa5
15. a4 Rfd8 16. g3 Ne5 17. Na2 Nxc4 18. Qxc4 Ne4 19. Bxg7 Kxg7 20. b4 Qe5 21.
Rd4 Rac8 22. Qd3 Rxd4 23. exd4 Qd5 24. Qe3 h6 25. Nc1 Rc3 26. Qe1 Rf3 27. Ra2
Qxd4 28. Re2 Ra3 29. Kg2 Qd5 30. Kg1 Ng5 0-1

[Event "chess.com SpeedChess 2023"]
[Site "chess.com INT"]
[Date "2023.09.15"]
[Round "2.20"]
[White "Vachier-Lagrave, Maxime"]
[Black "Nihal, Sarin"]
[Result "1-0"]
[WhiteTitle "GM"]
[BlackTitle "GM"]
[WhiteElo "2727"]
[BlackElo "2694"]
[WhiteFideId "623539"]
[BlackFideId "25092340"]
[EventDate "2023.09.04"]
[EventType "k.o."]

1. e4 a6 2. d4 c6 3. Nd2 d5 4. e5 Bf5 5. Nb3 e6 6. Be2 c5 7. dxc5 Bxc5 8. Nxc5
Qa5+ 9. c3 Qxc5 10. Nf3 Nc6 11. O-O Nge7 12. Qa4 O-O 13. Be3 Qa5 14. Qxa5 Nxa5
15. Bc5 Rfe8 16. Nd4 Bg6 17. f4 Rac8 18. Bxe7 Rxe7 19. Rad1 Nc6 20. Rd2 Be4 21.
Bf3 Bxf3 22. Rxf3 g6 23. h4 h5 24. Kf2 b5 25. Nxc6 Rxc6 26. a3 Rb7 27. Rd4 a5
28. Rfd3 Kg7 29. Kf3 Kf8 30. g4 hxg4+ 31. Kxg4 Ke7 32. Kg5 Rb8 33. Rh3 Rc4 34.
Rxc4 bxc4 35. Rh2 Rh8 36. Kg4 Kd7 37. a4 Rh5 38. b3 cxb3 39. Rb2 Rh8 40. Rxb3
Rc8 41. Rb5 Rxc3 42. Rxa5 Ra3 43. Ra7+ Ke8 44. Kg5 Rf3 45. a5 d4 46. a6 d3 47.
Ra8+ Ke7 48. Re8+ Kxe8 49. a7 Rg3+ 50. Kf6 d2 51. a8=Q+ 1-0

[Event "chess.com SpeedChess 2023"]
[Site "chess.com INT"]
[Date "2023.09.15"]
[Round "2.21"]
[White "Nihal, Sarin"]
[Black "Vachier-Lagrave, Maxime"]
[Result "1-0"]
[WhiteTitle "GM"]
[BlackTitle "GM"]
[WhiteElo "2694"]
[BlackElo "2727"]
[WhiteFideId "25092340"]
[BlackFideId "623539"]
[EventDate "2023.09.04"]
[EventType "k.o."]

1. d4 Nf6 2. Nf3 g6 3. Nc3 Bg7 4. e4 d6 5. Bf4 a6 6. Qd2 b5 7. Bd3 Bb7 8. Bh6
Bxh6 9. Qxh6 b4 10. Ne2 Bxe4 11. Bxe4 Nxe4 12. Qg7 Rf8 13. Qxh7 Nf6 14. Qh4 Qd7
15. O-O-O Qa4 16. Kb1 Nbd7 17. Rhe1 Nb6 18. Nc1 Nbd5 19. Ng5 a5 20. Qg3 Qc6 21.
Rd3 a4 22. h4 a3 23. b3 Nc3+ 24. Ka1 Nce4 25. Nxe4 Nxe4 26. Qe3 f5 27. f3 Qxc2
28. Re2 f4 29. Rxc2 fxe3 30. fxe4 1-0

[Event "chess.com SpeedChess 2023"]
[Site "chess.com INT"]
[Date "2023.09.15"]
[Round "2.22"]
[White "Vachier-Lagrave, Maxime"]
[Black "Nihal, Sarin"]
[Result "1-0"]
[WhiteTitle "GM"]
[BlackTitle "GM"]
[WhiteElo "2727"]
[BlackElo "2694"]
[WhiteFideId "623539"]
[BlackFideId "25092340"]
[EventDate "2023.09.04"]
[EventType "k.o."]

1. d4 d5 2. c4 e6 3. Nc3 h6 4. cxd5 exd5 5. Bf4 c6 6. e3 Bf5 7. Bd3 Bxd3 8. Qxd3
Bd6 9. Nf3 Nf6 10. Be5 O-O 11. O-O-O Qe7 12. Rhg1 Nbd7 13. Bxd6 Qxd6 14. g4 Rfe8
15. g5 Ne4 16. gxh6 Qxh6 17. Rg2 Nb6 18. Rdg1 Nxf2 19. Rxg7+ Kf8 20. Qf5 Qxe3+
21. Kc2 Qe6 22. Qg5 f6 23. Qh6 Qf5+ 24. Kb3 1-0

[Event "chess.com SpeedChess 2023"]
[Site "chess.com INT"]
[Date "2023.09.15"]
[Round "2.23"]
[White "Nihal, Sarin"]
[Black "Vachier-Lagrave, Maxime"]
[Result "1-0"]
[WhiteTitle "GM"]
[BlackTitle "GM"]
[WhiteElo "2694"]
[BlackElo "2727"]
[WhiteFideId "25092340"]
[BlackFideId "623539"]
[EventDate "2023.09.04"]
[EventType "k.o."]

1. d4 Nf6 2. Nf3 g6 3. Nc3 d5 4. Bf4 Bg7 5. Nb5 Na6 6. e3 O-O 7. h3 Ne4 8. c3 f6
9. Be2 e5 10. Bh2 c6 11. Na3 Nc7 12. O-O exd4 13. exd4 g5 14. Nc2 Bf5 15. Bd3
Bg6 16. Re1 Qd7 17. Ne3 Rae8 18. c4 Kh8 19. Bxc7 Qxc7 20. cxd5 cxd5 21. Nxd5 Qd8
22. Nc3 f5 23. Qc2 g4 24. hxg4 fxg4 25. Bxe4 Rxe4 26. Nxe4 gxf3 27. Qc3 Bxd4 28.
Qd2 fxg2 29. Rad1 Bxe4 30. Qxd4+ Qxd4 31. Rxd4 Bc6 32. Re7 Bf3 33. Rdd7 Rc8 34.
Rxh7+ Kg8 35. Rdg7+ Kf8 36. Rh8+ 1-0

[Event "chess.com SpeedChess 2023"]
[Site "chess.com INT"]
[Date "2023.09.15"]
[Round "2.24"]
[White "Vachier-Lagrave, Maxime"]
[Black "Nihal, Sarin"]
[Result "1-0"]
[WhiteTitle "GM"]
[BlackTitle "GM"]
[WhiteElo "2727"]
[BlackElo "2694"]
[WhiteFideId "623539"]
[BlackFideId "25092340"]
[EventDate "2023.09.04"]
[EventType "k.o."]

1. d4 Nf6 2. c4 e6 3. Nc3 Bb4 4. e3 O-O 5. Ne2 c6 6. a3 Ba5 7. c5 d5 8. cxd6
Qxd6 9. Bd2 e5 10. Qc2 exd4 11. Nxd4 Nbd7 12. O-O-O Bb6 13. Bc4 Ne5 14. Ba2 c5
15. Ndb5 Qc6 16. f4 Neg4 17. e4 a6 18. e5 axb5 19. exf6 Nxf6 20. Be3 b4 21. Nd5
bxa3 22. Ne7+ Kh8 23. Nxc6 bxc6 24. Bxc5 axb2+ 25. Kxb2 Bxc5 26. Qxc5 Bg4 27.
Rd4 Rfe8 28. Rc1 Rab8+ 29. Bb3 Be6 30. Rb4 Nd7 31. Qd6 Rxb4 32. Qxb4 1-0

[Event "chess.com SpeedChess 2023"]
[Site "chess.com INT"]
[Date "2023.09.15"]
[Round "2.25"]
[White "Nihal, Sarin"]
[Black "Vachier-Lagrave, Maxime"]
[Result "1-0"]
[WhiteTitle "GM"]
[BlackTitle "GM"]
[WhiteElo "2694"]
[BlackElo "2727"]
[WhiteFideId "25092340"]
[BlackFideId "623539"]
[EventDate "2023.09.04"]
[EventType "k.o."]

1. d4 g6 2. Nf3 Bg7 3. e4 d6 4. Nc3 a6 5. Be3 b5 6. h3 Bb7 7. Qd2 Nd7 8. O-O-O
e6 9. Bd3 Nb6 10. Ne2 h6 11. Kb1 Ne7 12. Ng3 Qc8 13. h4 c5 14. c3 c4 15. Bc2 d5
16. e5 a5 17. h5 g5 18. Nxg5 hxg5 19. Bxg5 b4 20. h6 Bf8 21. Nh5 b3 22. axb3
cxb3 23. Bxb3 a4 24. Bc2 Nc4 25. Qf4 Bc6 26. Ng7+ Kd7 27. Qxf7 Qb7 28. Qxe6+ Kc7
29. Bc1 Na3+ 30. Ka2 Nxc2 31. Qd6+ Kc8 32. Ne6 Qb3+ 33. Kb1 Na3+ 34. Qxa3 Qxa3
35. bxa3 Rb8+ 36. Kc2 Bd7 37. Nxf8 Bf5+ 38. Kd2 Rxf8 39. f3 Bh7 40. Ke3 Rb3 41.
Bd2 Rxa3 42. Ra1 Rxa1 43. Rxa1 Bc2 44. g4 Rh8 45. Kf2 Kd7 46. Bg5 Ra8 47. Ra3
Ng6 48. f4 Ke6 49. Kg3 Nf8 50. Ra2 Bb3 51. f5+ Kf7 52. Ra3 Rc8 53. Bd2 Bc2 54.
Kf4 Rb8 55. Ra2 Bb3 56. Ra1 Bc2 57. Bc1 Rc8 58. Ba3 Ne6+ 59. fxe6+ Kxe6 60. Bc5
Rb8 61. Kg5 Rg8+ 62. Kh5 Bg6+ 63. Kh4 Bc2 64. Rf1 1-0

[Event "chess.com SpeedChess 2023"]
[Site "chess.com INT"]
[Date "2023.09.15"]
[Round "2.26"]
[White "Vachier-Lagrave, Maxime"]
[Black "Nihal, Sarin"]
[Result "1-0"]
[WhiteTitle "GM"]
[BlackTitle "GM"]
[WhiteElo "2727"]
[BlackElo "2694"]
[WhiteFideId "623539"]
[BlackFideId "25092340"]
[EventDate "2023.09.04"]
[EventType "k.o."]

1. d4 Nf6 2. Nf3 d5 3. c4 e6 4. Nc3 c5 5. cxd5 exd5 6. Bg5 Be6 7. e3 c4 8. Be2
Bb4 9. O-O Nbd7 10. Ne5 O-O 11. f4 Bxc3 12. bxc3 Bf5 13. Bf3 Qa5 14. g4 Bd3 15.
Nxd3 cxd3 16. Qxd3 Rac8 17. Rfc1 Rfe8 18. Rab1 b6 19. Bh4 Ne4 20. Be1 Ndf6 21.
g5 Nd7 22. Qb5 Nf8 23. Qxa5 bxa5 24. Rb5 Nd6 25. Rxa5 Rxe3 26. Bxd5 Ng6 27. Bg3
h5 28. gxh6 gxh6 29. Ra6 Rd8 30. f5 Nxf5 31. Rxg6+ Kh7 32. Bxf7 Rf8 33. Rf6 Nxg3
34. hxg3 Rxg3+ 35. Kh2 1-0

[Event "chess.com SpeedChess 2023"]
[Site "chess.com INT"]
[Date "2023.09.15"]
[Round "2.27"]
[White "Nihal, Sarin"]
[Black "Vachier-Lagrave, Maxime"]
[Result "0-1"]
[WhiteTitle "GM"]
[BlackTitle "GM"]
[WhiteElo "2694"]
[BlackElo "2727"]
[WhiteFideId "25092340"]
[BlackFideId "623539"]
[EventDate "2023.09.04"]
[EventType "k.o."]

1. Nf3 Nf6 2. d4 g6 3. Nc3 d5 4. Bf4 Bg7 5. e3 O-O 6. Nb5 Na6 7. h3 Ne4 8. c3 f6
9. Be2 e5 10. Bh2 c6 11. Na3 Nc7 12. O-O exd4 13. exd4 g5 14. Nc2 Bf5 15. Ne3
Bg6 16. Bd3 Qd7 17. Re1 Rad8 18. c4 Rfe8 19. Rc1 dxc4 20. Nxc4 Nd5 21. Qb3 Kh8
22. Na5 Nb6 23. Qc2 f5 24. Nb3 Nd5 25. Ne5 Bxe5 26. Bxe5+ Rxe5 27. dxe5 Nb4 28.
Bxe4 Nxc2 29. Bxc2 Qe7 30. Re2 f4 31. Bxg6 hxg6 32. f3 Rd5 33. Rce1 Qe6 34. Re4
c5 35. Kh2 b6 36. R1e2 Kg7 37. Nd2 b5 38. Nb3 Kf7 39. Rc2 Qb6 40. e6+ Ke7 41.
Rce2 c4 42. Nd2 a5 43. h4 Rd8 44. Re5 Rh8 45. g3 fxg3+ 46. Kg2 Rxh4 0-1

[Event "chess.com SpeedChess 2023"]
[Site "chess.com INT"]
[Date "2023.09.15"]
[Round "2.28"]
[White "Vachier-Lagrave, Maxime"]
[Black "Nihal, Sarin"]
[Result "1/2-1/2"]
[WhiteTitle "GM"]
[BlackTitle "GM"]
[WhiteElo "2727"]
[BlackElo "2694"]
[WhiteFideId "623539"]
[BlackFideId "25092340"]
[EventDate "2023.09.04"]
[EventType "k.o."]

1. d4 d5 2. Nc3 Nf6 3. Bf4 c5 4. e3 cxd4 5. exd4 Bg4 6. Be2 Bxe2 7. Qxe2 e6 8.
O-O-O Nc6 9. g4 Rc8 10. g5 Ng8 11. h4 Bb4 12. Rh3 Nge7 13. h5 Nf5 14. g6 hxg6
15. hxg6 Rxh3 16. gxf7+ Kxf7 17. Nxh3 Ncxd4 18. Rxd4 Nxd4 19. Qh5+ Kf8 20. Qh8+
Kf7 21. Qh5+ Kf8 22. Qh8+ Kf7 23. Qh5+ 1/2-1/2

[Event "chess.com SpeedChess 2023"]
[Site "chess.com INT"]
[Date "2023.09.15"]
[Round "2.29"]
[White "Nihal, Sarin"]
[Black "Vachier-Lagrave, Maxime"]
[Result "1-0"]
[WhiteTitle "GM"]
[BlackTitle "GM"]
[WhiteElo "2694"]
[BlackElo "2727"]
[WhiteFideId "25092340"]
[BlackFideId "623539"]
[EventDate "2023.09.04"]
[EventType "k.o."]

1. d4 Nf6 2. Nf3 g6 3. Nc3 d5 4. Bf4 Bg7 5. Nb5 Na6 6. e3 O-O 7. h3 Ne4 8. c3 f6
9. Be2 e5 10. Bh2 c6 11. Na3 Nc7 12. O-O exd4 13. exd4 g5 14. Nc2 Bf5 15. Re1
Bg6 16. Bd3 Qd7 17. c4 Rae8 18. Bxc7 Qxc7 19. cxd5 cxd5 20. Ne3 Qd6 21. Qb3 Kh8
22. Qxd5 Qxd5 23. Nxd5 f5 24. Rac1 Rd8 25. Nc7 Rd6 26. d5 Bxb2 27. Rb1 Bc3 28.
Rec1 g4 29. hxg4 fxg4 30. Nh4 Bd4 31. Nxg6+ hxg6 32. Bxe4 Rxf2 33. Ne6 Be3 34.
Re1 1-0

[Event "chess.com SpeedChess 2023"]
[Site "chess.com INT"]
[Date "2023.09.15"]
[Round "2.30"]
[White "Vachier-Lagrave, Maxime"]
[Black "Nihal, Sarin"]
[Result "0-1"]
[WhiteTitle "GM"]
[BlackTitle "GM"]
[WhiteElo "2727"]
[BlackElo "2694"]
[WhiteFideId "623539"]
[BlackFideId "25092340"]
[EventDate "2023.09.04"]
[EventType "k.o."]

1. d4 d5 2. c4 e6 3. Nc3 Be7 4. Nf3 Nf6 5. Bf4 O-O 6. e3 Nbd7 7. c5 Nh5 8. Bd3
Nxf4 9. exf4 c6 10. O-O b6 11. b4 a5 12. a3 Qc7 13. g3 Ba6 14. Bxa6 Rxa6 15. Qe2
Ra7 16. Rab1 Bf6 17. Rfc1 Rfa8 18. Kg2 g6 19. h4 h5 20. Ne5 axb4 21. axb4 b5 22.
Qd3 Kg7 23. Nf3 Ra3 24. Re1 Be7 25. Re3 Nf6 26. Qe2 Ng4 27. Rd3 Bf6 28. Re1 Nh6
29. Ne5 Nf5 30. Qd2 Qb7 31. Rb1 R8a6 32. Nf3 Ra1 33. Rxa1 Rxa1 34. Qb2 Qa6 35.
Rd1 Rxd1 36. Nxd1 Qa4 37. Ne3 Nxe3+ 38. fxe3 Qd1 39. Qd2 Qb1 40. Ne5 Bxe5 41.
fxe5 Qe4+ 42. Kf2 f6 43. exf6+ Kxf6 44. Qe2 e5 45. Qf3+ Qxf3+ 46. Kxf3 Kf5 47.
dxe5 Kxe5 48. Kf2 Ke4 49. Ke2 d4 50. exd4 Kxd4 51. Kf3 Kc4 52. Kf4 Kxb4 0-1

[Event "chess.com SpeedChess 2023"]
[Site "chess.com INT"]
[Date "2023.09.15"]
[Round "2.31"]
[White "Nihal, Sarin"]
[Black "Vachier-Lagrave, Maxime"]
[Result "0-1"]
[WhiteTitle "GM"]
[BlackTitle "GM"]
[WhiteElo "2694"]
[BlackElo "2727"]
[WhiteFideId "25092340"]
[BlackFideId "623539"]
[EventDate "2023.09.04"]
[EventType "k.o."]

1. d4 d6 2. Nf3 g6 3. e4 Bg7 4. Bc4 a6 5. Qe2 b5 6. Bb3 e6 7. O-O Ne7 8. c3 Bb7
9. Bg5 h6 10. Bh4 Nd7 11. Re1 g5 12. Bg3 Ng6 13. Nbd2 g4 14. Nh4 Nxh4 15. Qxg4
Ng6 16. Bxe6 Nf6 17. Qf5 Ne7 18. Bxf7+ Kxf7 19. Qf3 Rf8 20. Qe2 Kg8 0-1

[Event "chess.com SpeedChess 2023"]
[Site "chess.com INT"]
[Date "2023.09.19"]
[Round "3.1"]
[White "Carlsen, Magnus"]
[Black "So, Wesley"]
[Result "1-0"]
[WhiteTitle "GM"]
[BlackTitle "GM"]
[WhiteElo "2839"]
[BlackElo "2753"]
[WhiteFideId "1503014"]
[BlackFideId "5202213"]
[EventDate "2023.09.04"]
[EventType "k.o."]

1. e4 e5 2. Nf3 Nc6 3. Bb5 a6 4. Ba4 Nf6 5. d3 Bc5 6. Bg5 h6 7. Bh4 d6 8. d4
exd4 9. Nxd4 Bd7 10. Bxc6 Bxc6 11. Nxc6 bxc6 12. Nd2 O-O 13. Qf3 Re8 14. Bxf6
Qxf6 15. Qxf6 gxf6 16. O-O f5 17. Rfe1 Rab8 18. Rab1 fxe4 19. Nxe4 Bd4 20. b3
Kg7 21. Ng3 Kg6 22. Rxe8 Rxe8 23. Kf1 a5 24. Re1 Ra8 25. Re4 c5 26. Rg4+ Kf6 27.
Ne2 Be5 28. Ra4 Ke6 29. g3 d5 30. Rh4 Bg7 31. Kg2 d4 32. Nf4+ Kd6 33. Rh5 a4 34.
Nd3 axb3 35. axb3 c4 36. bxc4 Ra2 37. Rd5+ Ke7 38. Nb4 Ra4 39. Nc6+ Kf6 40. Rxd4
Ke6 41. Rf4 Ra2 42. Nd8+ 1-0

[Event "chess.com SpeedChess 2023"]
[Site "chess.com INT"]
[Date "2023.09.19"]
[Round "3.2"]
[White "So, Wesley"]
[Black "Carlsen, Magnus"]
[Result "1/2-1/2"]
[WhiteTitle "GM"]
[BlackTitle "GM"]
[WhiteElo "2753"]
[BlackElo "2839"]
[WhiteFideId "5202213"]
[BlackFideId "1503014"]
[EventDate "2023.09.04"]
[EventType "k.o."]

1. b3 d5 2. Bb2 Bf5 3. Nf3 h6 4. g3 e6 5. Bg2 Nf6 6. O-O Be7 7. d3 O-O 8. Nbd2
Bh7 9. Ne5 a5 10. a3 Nfd7 11. Nxd7 Nxd7 12. e4 Bf6 13. Bxf6 Nxf6 14. Qe2 c6 15.
e5 Nd7 16. f4 Qc7 17. Nf3 a4 18. b4 c5 19. bxc5 Qxc5+ 20. Qf2 Rfc8 21. Qxc5 Rxc5
22. Nd4 Nb8 23. Rfb1 Nc6 24. Nxc6 bxc6 25. Ra2 g5 26. Kf2 Raa5 27. Ke3 Kg7 28.
Kd2 Bf5 29. Rb4 Rcb5 30. Rab2 Rxb4 31. Rxb4 g4 32. Rb6 c5 33. c4 dxc4 34. dxc4
Ra7 35. Bc6 h5 36. Ke3 Rc7 37. Bb5 Rc8 38. Rc6 Rd8 39. Rd6 Rh8 40. Rc6 h4 41.
Rxc5 hxg3 42. hxg3 Rh3 43. Kf2 Rh2+ 44. Kg1 Ra2 45. Bxa4 Rxa3 46. Bc6 Rxg3+ 47.
Kf2 Rc3 48. Bb7 Bd3 49. Rc7 Bxc4 50. Kg1 g3 51. Rd7 Rc2 52. Be4 Rf2 53. Rd4 Be2
54. Bg2 Bg4 55. Rd3 Rxf4 56. Rxg3 Kg6 57. Re3 Kf5 58. Bc6 Rd4 59. Be8 Bh5 60.
Re1 Kg6 61. Rf1 Kg7 62. Re1 Rd8 63. Bc6 Rd2 64. Be4 Bg6 65. Bg2 Kh6 66. Bc6 Kg5
67. Rf1 Re2 68. Be8 Rxe5 69. Bxf7 Bd3 70. Rf2 Kg4 71. Rg2+ Kf3 72. Rf2+ Kg3 73.
Rg2+ Kh4 74. Rf2 Kg5 75. Rg2+ Kf6 76. Rf2+ Bf5 77. Be8 Kg5 78. Rg2+ Bg4 79. Rf2
Kh4 80. Bc6 Re1+ 81. Kg2 Re3 82. Kh2 e5 83. Bg2 e4 84. Rf4 Kg5 85. Rxe4 Rxe4 86.
Bxe4 1/2-1/2

[Event "chess.com SpeedChess 2023"]
[Site "chess.com INT"]
[Date "2023.09.19"]
[Round "3.3"]
[White "Carlsen, Magnus"]
[Black "So, Wesley"]
[Result "1-0"]
[WhiteTitle "GM"]
[BlackTitle "GM"]
[WhiteElo "2839"]
[BlackElo "2753"]
[WhiteFideId "1503014"]
[BlackFideId "5202213"]
[EventDate "2023.09.04"]
[EventType "k.o."]

1. e4 c5 2. Nf3 d6 3. d4 cxd4 4. Nxd4 Nf6 5. Nc3 a6 6. Be2 e5 7. Nb3 Be7 8. Bg5
Be6 9. Bxf6 Bxf6 10. Qd3 Nc6 11. O-O-O Nd4 12. Nxd4 exd4 13. Nd5 Bxd5 14. exd5
O-O 15. Qf3 Re8 16. Bd3 Re5 17. Kb1 Qa5 18. g4 Rae8 19. h4 Qxd5 20. Qxd5 Rxd5
21. a3 h6 22. f4 g6 23. b4 b5 24. Rhe1 Re3 25. g5 hxg5 26. hxg5 Bg7 27. Be4 1-0

[Event "chess.com SpeedChess 2023"]
[Site "chess.com INT"]
[Date "2023.09.19"]
[Round "3.4"]
[White "So, Wesley"]
[Black "Carlsen, Magnus"]
[Result "0-1"]
[WhiteTitle "GM"]
[BlackTitle "GM"]
[WhiteElo "2753"]
[BlackElo "2839"]
[WhiteFideId "5202213"]
[BlackFideId "1503014"]
[EventDate "2023.09.04"]
[EventType "k.o."]

1. b3 e5 2. Bb2 Nc6 3. e3 Nf6 4. Bb5 Bd6 5. Na3 Na5 6. Be2 a6 7. c4 O-O 8. Nc2
Re8 9. d3 c5 10. g4 Rf8 11. g5 Ne8 12. Nf3 Nc6 13. Rg1 Bc7 14. e4 Ba5+ 15. Kf1
d6 16. Rg3 Nc7 17. Ne3 Ne6 18. Nd5 Ne7 19. h4 Nxd5 20. cxd5 Nf4 21. Bc1 f5 22.
Kg1 fxe4 23. dxe4 Bd7 24. Be3 Bc3 25. Rc1 Bd4 26. Bf1 Qe7 27. Nxd4 exd4 28. Bxf4
Rxf4 29. Qh5 Raf8 30. Bd3 Qe5 31. Rg2 0-1

[Event "chess.com SpeedChess 2023"]
[Site "chess.com INT"]
[Date "2023.09.19"]
[Round "3.5"]
[White "Carlsen, Magnus"]
[Black "So, Wesley"]
[Result "1-0"]
[WhiteTitle "GM"]
[BlackTitle "GM"]
[WhiteElo "2839"]
[BlackElo "2753"]
[WhiteFideId "1503014"]
[BlackFideId "5202213"]
[EventDate "2023.09.04"]
[EventType "k.o."]

1. e4 e5 2. Nf3 Nc6 3. Bb5 a6 4. Ba4 Nf6 5. d3 Bc5 6. c3 O-O 7. O-O d6 8. h3 Ba7
9. Re1 Ne7 10. d4 Ng6 11. Nbd2 b5 12. Bc2 c5 13. Nf1 cxd4 14. cxd4 exd4 15. Nxd4
Bb7 16. Nf5 d5 17. e5 Ne4 18. Be3 Bxe3 19. N1xe3 Qb6 20. Bxe4 dxe4 21. Qd6 Qxd6
22. exd6 Ne5 23. Rec1 Bc8 24. Ne7+ Kh8 25. a4 Bd7 26. axb5 Bxb5 27. Rc5 Nd3 28.
Rd5 Rad8 29. b3 g6 30. Rd4 f5 31. Nc4 Kg7 32. f3 Nc5 33. Rb1 Rf6 34. fxe4 Nxe4
35. Nd5 Rff8 36. Nc7 Kf6 37. Re1 Bxc4 38. bxc4 Rf7 39. Rd5 Rxd6 40. Ne8+ 1-0

[Event "chess.com SpeedChess 2023"]
[Site "chess.com INT"]
[Date "2023.09.19"]
[Round "3.6"]
[White "So, Wesley"]
[Black "Carlsen, Magnus"]
[Result "1-0"]
[WhiteTitle "GM"]
[BlackTitle "GM"]
[WhiteElo "2753"]
[BlackElo "2839"]
[WhiteFideId "5202213"]
[BlackFideId "1503014"]
[EventDate "2023.09.04"]
[EventType "k.o."]

1. e4 c5 2. Nf3 Nc6 3. Bb5 g6 4. Bxc6 bxc6 5. d4 cxd4 6. Qxd4 f6 7. c4 e5 8. Qc3
d5 9. cxd5 cxd5 10. Qc6+ Bd7 11. Qxd5 Ne7 12. Qd1 Qa5+ 13. Nc3 Qa6 14. Qe2 Qxe2+
15. Kxe2 Be6 16. Rd1 Nc6 17. Nd5 Kf7 18. Be3 Rb8 19. b3 Rb7 20. Nd2 Nb4 21. Nc4
Nxd5 22. exd5 Bd7 23. Rac1 g5 24. Na5 Bb5+ 25. Kf3 Rd7 26. a4 e4+ 27. Kxe4 Be2
28. Rd2 Bh5 29. Rc8 Bg4 30. Bc5 f5+ 31. Ke3 f4+ 32. Ke4 Bxc5 33. Rxc5 Rb8 34.
Kd4 Be6 35. Nc4 Kf6 36. Kc3 Bf7 37. Rc6+ Kg7 38. d6 Rdb7 39. Na5 Rd7 40. Rc7
Rxc7+ 41. dxc7 Rc8 42. Rd7 Kf6 43. Nc4 Be6 44. Rxh7 Bf5 45. Nd6 1-0

[Event "chess.com SpeedChess 2023"]
[Site "chess.com INT"]
[Date "2023.09.19"]
[Round "3.7"]
[White "Carlsen, Magnus"]
[Black "So, Wesley"]
[Result "1/2-1/2"]
[WhiteTitle "GM"]
[BlackTitle "GM"]
[WhiteElo "2839"]
[BlackElo "2753"]
[WhiteFideId "1503014"]
[BlackFideId "5202213"]
[EventDate "2023.09.04"]
[EventType "k.o."]

1. e4 e5 2. Nf3 Nc6 3. Bb5 Nf6 4. d3 Bc5 5. O-O Nd4 6. Be3 Nxf3+ 7. Qxf3 Bxe3 8.
Qxe3 c6 9. Ba4 d6 10. Bb3 O-O 11. Nd2 Re8 12. h3 Be6 13. f4 Qb6 14. Qxb6 axb6
15. Bxe6 Rxe6 16. fxe5 dxe5 17. a4 Ne8 18. Nc4 Ra6 19. b4 Nd6 20. b5 cxb5 21.
Nxd6 Rxd6 22. axb5 Ra5 23. Rab1 Rd8 24. Rb2 Rc8 25. Kf2 Rc5 26. c4 Rc8 27. Ke3
f6 28. g4 h6 29. h4 Ra3 30. g5 hxg5 31. hxg5 Rd8 32. Rd2 Kf7 33. gxf6 gxf6 34.
Rh1 Ke6 35. Rh7 Ra7 36. Rd1 Rd4 37. Rh8 Ra3 38. Re8+ Kf7 39. Rb8 Rd7 40. Rd2 Ke6
41. Rh8 Kd6 42. Re8 Rb3 43. Rf2 Kc5 44. Rd2 Kd6 45. Rh8 Ke6 46. Re8+ Kf7 47. Rh8
Ke6 48. Rh6 Ra3 49. Rh8 Rb3 1/2-1/2